000 00705nam a2200229 a 4500
001 BRCA_4215
005 20190320204604.0
008 080610s1971----enka######---#000-0#eng-#
041 _aeng
044 _aenk
050 4 _aZ701
_b.B74 1971
100 1 _aBreslauer, Martin
_910867
245 1 0 _aA Miscellany of Books Autographs and Manuscripts on Many Subjects
_bList XXXIX
_cMartin Breslauer.
260 _aLondres
_b[Bibliograph]
_c1971
300 _a88 p.
_bil. (algunas a color), 28 láminas
_c30 cm.
500 _aIncluye índice de autores y artistas
500 _aAM23
650 1 4 _aLibros
_vBibliografías
_910868
650 1 4 _aManuscritos
_vCatálogos
_910869
902 _aGFM
942 _2lcc
_cB
999 _c3926
_d3926